000
00327nam a22001457a 4500
008
210514b ||||| |||| 00| 0 eng d
020
_a
08919081097
041
_a
eng
080
_2
2nd
_a
159.9
082
_a
159.9
100
_a
48
101
_a
PSI
245
_a
Exceptional Children and Youth
_c
Meyen,E.L
942
_2
udc
_c
BK
999
_c
57347
_d
57347